[Event "DSOL 05 Liga Gr-C 1st"]
[Site "Playchess.com INT"]
[Date "2020.08.14"]
[Round "2.1"]
[White "Schoder, Volker"]
[Black "Becker, Peter"]
[Result "1-0"]
[WhiteElo "1927"]
[BlackElo "1800"]
[PlyCount "76"]
[EventDate "2020.06.22"]
[EventType "team-tourn (rapid)"]
[EventCountry "GER"]
[SourceTitle "EXT 2021"]
[Source "ChessBase"]
[SourceDate "2020.10.23"]
[SourceVersion "1"]
[SourceVersionDate "2020.10.23"]
[SourceQuality "1"]
[WhiteTeam "Gern SF"]
[BlackTeam "Datteln"]
[WhiteTeamCountry "GER"]
[BlackTeamCountry "GER"]

1. d4 Nf6 2. c4 e6 3. Nf3 d5 4. Bg5 Be7 5. cxd5 exd5 6. e3 0-0 7. Bd3 h6 8. Bh4 Be6 9. 0-0 Nbd7 10. Nbd2 c5 11. Rc1 c4 12. Bb1 b5 13. e4 dxe4 14. Nxe4 Bd5 15. Nxf6+ Nxf6 16. Ne5 Ne4 17. Bxe7 Qxe7 18. Re1 Qb7 19. f3 Ng5 20. Qc2 f5 21. Qf2 Rf6 22. Qg3 Re8 23. Rcd1 Rfe6 24. h4 Nf7 25. Bxf5 Rf6 26. Be4 Nxe5 27. Bxd5+ Qxd5 28. dxe5 Qc5+ 29. Kh1 Rfe6 30. f4 b4 31. Rd7 R6e7 32. Rxe7 Rxe7 33. f5 c3 34. f6 Rf7 35. e6 Rxf6 36. e7 cxb2 37. e8Q+ Rf8 38. Qee5 g5 1-0

[Event "Schoeneck Schoebel Memorial 1st"]
[Site "Schoeneck"]
[Date "2017.12.29"]
[Round "5"]
[White "Ochs, Daniel Elias"]
[Black "Becker, Peter"]
[Result "1/2-1/2"]
[WhiteElo "1614"]
[BlackElo "1851"]
[PlyCount "51"]
[EventDate "2017.12.27"]
[EventType "swiss"]
[EventRounds "7"]
[EventCountry "GER"]
[SourceTitle "CBM 182 Extra"]
[Source "ChessBase"]
[SourceDate "2018.02.23"]
[SourceVersion "1"]
[SourceVersionDate "2018.02.23"]
[SourceQuality "1"]

1. d4 Nf6 2. Nf3 c5 3. c3 g6 4. Bg5 Bg7 5. e3 cxd4 6. exd4 0-0 7. Bd3 d6 8. 0-0 Bg4 9. h3 Bxf3 10. Qxf3 Nbd7 11. Nd2 Qa5 12. Bh4 e5 13. Nb3 Qb6 14. Rfe1 Rfe8 15. Bf1 Qc6 16. Qxc6 bxc6 17. Na5 Rac8 18. Nc4 Re6 19. dxe5 dxe5 20. Bg3 Nd5 21. Be2 f5 22. f3 Bf8 23. Bf2 Bc5 24. Bf1 Bxf2+ 25. Kxf2 e4 26. fxe4 1/2-1/2

[Event "Heusenstamm Sparkassen op-A 4th"]
[Site "Heusenstamm"]
[Date "2017.11.23"]
[Round "1"]
[White "Becker, Peter"]
[Black "Klundt, Klaus"]
[Result "0-1"]
[WhiteElo "1952"]
[BlackElo "2332"]
[PlyCount "46"]
[EventDate "2017.11.23"]
[EventType "swiss"]
[EventRounds "7"]
[EventCountry "GER"]
[SourceTitle "EXT 2019"]
[Source "ChessBase"]
[SourceDate "2018.10.10"]
[SourceVersion "1"]
[SourceVersionDate "2018.10.10"]
[SourceQuality "1"]

1. f4 Nf6 2. Nf3 g6 3. b3 Bg7 4. Bb2 d6 5. e3 0-0 6. Be2 c5 7. c4 Nc6 8. 0-0 e5 9. fxe5 Ng4 10. h3 Ngxe5 11. Nxe5 dxe5 12. Bf3 Bf5 13. e4 Be6 14. Nc3 Qd4+ 15. Kh2 Rad8 16. d3 Qxd3 17. Qxd3 Rxd3 18. Nd5 Nd4 19. Rad1 Rxd1 20. Bxd1 f5 21. exf5 gxf5 22. Bc1 Bxd5 23. cxd5 Rd8 0-1

[Event "Hessenliga 0809"]
[Site "Germany"]
[Date "2009.02.15"]
[Round "8.8"]
[White "Becker, Peter"]
[Black "Sehr, Alexander"]
[Result "0-1"]
[WhiteElo "1952"]
[BlackElo "1947"]
[PlyCount "64"]
[EventDate "2008.09.14"]
[EventType "team-tourn"]
[EventRounds "9"]
[EventCountry "GER"]
[SourceTitle "EXT 2011"]
[Source "ChessBase"]
[SourceDate "2010.11.26"]
[SourceVersion "1"]
[SourceVersionDate "2010.11.26"]
[SourceQuality "1"]
[WhiteTeam "Schoeneck II"]
[BlackTeam "Eppstein"]
[WhiteTeamCountry "GER"]
[BlackTeamCountry "GER"]

1. f4 e6 2. Nf3 b6 3. g3 Bb7 4. Bg2 Be7 5. d3 f5 6. 0-0 Nf6 7. h3 c5 8. c4 Qc7 9. Nc3 a6 10. b3 0-0 11. Bb2 Nh5 12. Qe1 Nc6 13. e3 Nb4 14. Rd1 d5 15. d4 dxc4 16. bxc4 Nf6 17. a3 Nc6 18. d5 Na5 19. Qe2 exd5 20. Nxd5 Bxd5 21. cxd5 Ne4 22. Kh2 Bf6 23. Ne5 Nd6 24. e4 fxe4 25. Bxe4 Rad8 26. Bg2 b5 27. Nc6 Rde8 28. Qc2 Bxb2 29. Qxb2 Nac4 30. Qf2 Ne3 31. Ne5 Nxd1 32. Rxd1 Rxe5 0-1

[Event "Herne Laufer op"]
[Site "Herne"]
[Date "2006.06.15"]
[Round "2"]
[White "Becker, Peter"]
[Black "Wolff, Christoph"]
[Result "1-0"]
[WhiteElo "1952"]
[BlackElo "2079"]
[PlyCount "37"]
[EventDate "2006.06.14"]
[EventType "swiss"]
[EventRounds "7"]
[EventCountry "GER"]
[SourceTitle "CBM 112 Extra"]
[Source "ChessBase"]
[SourceDate "2006.07.14"]
[SourceVersion "1"]
[SourceVersionDate "2006.07.14"]
[SourceQuality "1"]

1. e4 c5 2. c3 Nf6 3. e5 Nd5 4. d4 cxd4 5. cxd4 Nc6 6. Nf3 d6 7. exd6 Qxd6 8. Be2 e6 9. 0-0 Be7 10. Nc3 0-0 11. a3 Rd8 12. Nxd5 Qxd5 13. Be3 Bf6 14. Qa4 Bd7 15. Qc4 Qd6 16. Rfd1 Rac8 17. Qd3 Ne7 18. Ng5 g6 19. Ne4 1-0

[Event "Karl Mala Memorial op 08th"]
[Site "Frankfurt"]
[Date "2004.07.24"]
[Round "4"]
[White "Sawadkuhi, Massoud Amir"]
[Black "Becker, Peter"]
[Result "1-0"]
[WhiteElo "2268"]
[BlackElo "1646"]
[PlyCount "67"]
[EventDate "2004.07.22"]
[EventType "swiss"]
[EventRounds "7"]
[EventCountry "GER"]
[SourceTitle "EXT 2005"]
[Source "ChessBase"]
[SourceDate "2004.11.15"]
[SourceVersion "1"]
[SourceVersionDate "2004.11.15"]
[SourceQuality "1"]

1. e4 c5 2. Nf3 d6 3. d4 cxd4 4. Nxd4 Nc6 5. Nc3 Nf6 6. Bg5 e6 7. Qd2 a6 8. 0-0-0 Be7 9. f4 d5 10. e5 Ng8 11. Bxe7 Ngxe7 12. Nf3 b5 13. Bd3 Qa5 14. Kb1 Bd7 15. g4 Rc8 16. Rhf1 Nb4 17. Nd4 Rxc3 18. Qxc3 Qxa2+ 19. Kc1 Nxd3+ 20. Qxd3 0-0 21. Qa3 Qxa3 22. bxa3 g6 23. Rf3 Rc8 24. Kb2 Nc6 25. Nxc6 Rxc6 26. Rc3 Rc4 27. Rxc4 bxc4 28. Kc3 a5 29. Rb1 Kf8 30. Rb8+ Be8 31. Ra8 a4 32. g5 Ke7 33. Kb4 Kf8 34. Kc5 1-0

[Event "Karl Mala Memorial op 08th"]
[Site "Frankfurt"]
[Date "2004.07.23"]
[Round "3"]
[White "Becker, Peter"]
[Black "Bill, Eugen"]
[Result "1-0"]
[WhiteElo "1646"]
[BlackElo "1613"]
[PlyCount "61"]
[EventDate "2004.07.22"]
[EventType "swiss"]
[EventRounds "7"]
[EventCountry "GER"]
[SourceTitle "EXT 2005"]
[Source "ChessBase"]
[SourceDate "2004.11.15"]
[SourceVersion "1"]
[SourceVersionDate "2004.11.15"]
[SourceQuality "1"]

1. f4 Nc6 2. Nf3 d6 3. g3 e5 4. d3 g6 5. Bg2 Bg7 6. c3 Nge7 7. e4 0-0 8. 0-0 Bg4 9. h3 Bd7 10. g4 exf4 11. Bxf4 Ne5 12. Bxe5 dxe5 13. Na3 b5 14. d4 exd4 15. Nxd4 Rb8 16. Qe2 a6 17. Nac2 c5 18. Nb3 Qb6 19. Kh1 b4 20. c4 Bxb2 21. Rad1 Rbd8 22. Ne3 Bg7 23. Nd5 Nxd5 24. exd5 Rde8 25. Qf2 a5 26. Qxc5 Qxc5 27. Nxc5 Bc8 28. d6 Rd8 29. d7 Bxd7 30. Rxd7 Rxd7 31. Nxd7 1-0

[Event "Karl Mala Memorial op 08th"]
[Site "Frankfurt"]
[Date "2004.07.23"]
[Round "2"]
[White "Krahe, Frank"]
[Black "Becker, Peter"]
[Result "1-0"]
[WhiteElo "2040"]
[BlackElo "1646"]
[PlyCount "35"]
[EventDate "2004.07.22"]
[EventType "swiss"]
[EventRounds "7"]
[EventCountry "GER"]
[SourceTitle "EXT 2005"]
[Source "ChessBase"]
[SourceDate "2004.11.15"]
[SourceVersion "1"]
[SourceVersionDate "2004.11.15"]
[SourceQuality "1"]

1. e4 c5 2. d4 cxd4 3. c3 dxc3 4. Nxc3 Nc6 5. Nf3 a6 6. Bc4 e6 7. 0-0 b5 8. Bb3 Bb7 9. Qe2 Be7 10. Rd1 d6 11. Bf4 Na5 12. Bxd6 Nxb3 13. axb3 Qb6 14. e5 Rd8 15. Ne4 Bxe4 16. Qxe4 Bxd6 17. Rxd6 Ne7 18. Rxb6 1-0

[Event "Rhein Main op 07th"]
[Site "Bad Homburg"]
[Date "2004.06.13"]
[Round "7.50"]
[White "Becker, Peter"]
[Black "Kremer, Johann"]
[Result "1/2-1/2"]
[WhiteElo "1697"]
[BlackElo "1487"]
[PlyCount "107"]
[EventDate "2004.06.09"]
[EventType "swiss"]
[EventRounds "7"]
[EventCountry "GER"]
[SourceTitle "CBM 100 Extra"]
[Source "ChessBase"]
[SourceDate "2004.07.06"]
[SourceVersion "2"]
[SourceVersionDate "2004.07.06"]
[SourceQuality "1"]

1. f4 e6 2. Nf3 Nc6 3. g3 d5 4. d3 h6 5. Bg2 Nge7 6. 0-0 Nf5 7. Qe1 Bc5+ 8. e3 Nb4 9. Na3 Nc6 10. g4 Nfe7 11. Qc3 Bxa3 12. bxa3 Rg8 13. h3 b6 14. e4 Bb7 15. Bb2 Qd7 16. e5 0-0-0 17. d4 Ng6 18. Qe3 Na5 19. Nd2 Kb8 20. Qe2 Qc8 21. Qf2 Ba6 22. Rfc1 Nc4 23. Nxc4 Bxc4 24. Bf1 Bxf1 25. Qxf1 c5 26. c4 Qa6 27. f5 Ne7 28. cxd5 Qxf1+ 29. Rxf1 Rxd5 30. dxc5 Rxc5 31. Rad1 Nd5 32. fxe6 fxe6 33. Bd4 Rc2 34. Rf2 Rcc8 35. Rf7 Rcf8 36. Rdf1 Rd8 37. Kg2 g5 38. Kg3 Nf4 39. Be3 Rd3 40. Rf3 Nd5 41. Bc1 Rxf3+ 42. Kxf3 Rc8 43. Bd2 Rc2 44. Bb4 Rc4 45. Bd6+ Kc8 46. Bb4 a5 47. Be1 Ra4 48. Rf6 Rxa3+ 49. Kf2 Nf4 50. Rxh6 Rxa2+ 51. Kf3 Ra3+ 52. Ke4 Kd7 53. h4 Ra4+ 54. Kf3 1/2-1/2

[Event "Rhein Main op 07th"]
[Site "Bad Homburg"]
[Date "2004.06.09"]
[Round "1.51"]
[White "Becker, Peter"]
[Black "Weil, Frank"]
[Result "1-0"]
[WhiteElo "1697"]
[BlackElo "1283"]
[PlyCount "131"]
[EventDate "2004.06.09"]
[EventType "swiss"]
[EventRounds "7"]
[EventCountry "GER"]
[SourceTitle "CBM 100 Extra"]
[Source "ChessBase"]
[SourceDate "2004.07.06"]
[SourceVersion "2"]
[SourceVersionDate "2004.07.06"]
[SourceQuality "1"]

1. f4 d5 2. Nf3 Nc6 3. g3 Bf5 4. Bg2 Nf6 5. d3 e6 6. 0-0 Bc5+ 7. e3 0-0 8. h3 h6 9. Kh2 Re8 10. c3 Ne7 11. b4 Bb6 12. a4 c6 13. Qe2 Bc7 14. Ne5 Qb8 15. d4 Ne4 16. Bb2 Qd8 17. Nd2 Nxd2 18. Qxd2 Ng6 19. Qf2 f6 20. Nf3 Ne7 21. Rfe1 Bg6 22. Nh4 Bf7 23. e4 Qd7 24. e5 f5 25. Nf3 g6 26. Bf1 Kh7 27. Bd3 Rg8 28. g4 Rg7 29. Qh4 Rh8 30. g5 h5 31. Qf2 Rb8 32. b5 Rgg8 33. Ba3 Ba5 34. Rec1 Bb6 35. Bd6 Bc7 36. Bc5 Ra8 37. Nd2 Rgb8 38. c4 Rc8 39. Nb3 Be8 40. Ba3 b6 41. Bf1 Qd8 42. Bb4 Bd7 43. Rc2 Rcb8 44. Rac1 Rc8 45. Bg2 Qe8 46. Bf1 Rab8 47. Be2 Bd8 48. Bd6 Rb7 49. h4 Bc7 50. Ba3 Bd8 51. Qe3 Rbc7 52. Bd6 Rb7 53. Nd2 Bc7 54. Bb4 Rbb8 55. Qa3 Bd8 56. Bd6 Ra8 57. Qb3 Kg7 58. Bf3 Kf7 59. Nf1 Bc7 60. Ba3 Rd8 61. Bxe7 Qxe7 62. cxd5 exd5 63. Bxd5+ cxd5 64. Rxc7 Kg7 65. Qxd5 Rac8 66. e6 1-0

[Event "Recklinghausen op 14th"]
[Site "Recklinghausen"]
[Date "2003.08.18"]
[Round "1"]
[White "Ressmann, Arif Peter"]
[Black "Becker, Peter"]
[Result "1-0"]
[WhiteElo "2214"]
[BlackElo "1964"]
[PlyCount "79"]
[EventDate "2003.08.18"]
[EventType "swiss"]
[EventRounds "7"]
[EventCountry "GER"]
[SourceTitle "CBM 095 Extra"]
[Source "ChessBase"]
[SourceDate "2003.09.04"]
[SourceVersion "1"]
[SourceVersionDate "2003.09.04"]
[SourceQuality "1"]

1. Nf3 Nf6 2. b3 d6 3. d4 g6 4. Bb2 Bg7 5. e3 0-0 6. Be2 Re8 7. 0-0 b6 8. c4 Bb7 9. Nc3 Nbd7 10. d5 a6 11. Qc2 Rc8 12. Rad1 c6 13. dxc6 Bxc6 14. Nd4 Bb7 15. f4 Qc7 16. f5 d5 17. Qb1 dxc4 18. fxg6 hxg6 19. Bxc4 Ne5 20. Rxf6 Nxc4 21. Rxg6 fxg6 22. Qxg6 Ne5 23. Qe6+ Nf7 24. Rf1 Rf8 25. Nf5 Qe5 26. Nxe7+ Kh7 27. Qg6+ Kh8 28. Nd1 Be4 29. Bxe5 Bxg6 30. Nxg6+ Kg8 31. Ne7+ Kh7 32. Bxg7 Kxg7 33. Nxc8 Rxc8 34. Rf2 Rc1 35. Rd2 Ne5 36. h3 Kf6 37. Kh2 Kf5 38. Nf2 Re1 39. Rd5 Rxe3 40. Ng4 1-0

[Event "Herne Laufer op"]
[Site "Herne"]
[Date "2003.06.22"]
[Round "7.10"]
[White "Becker, Peter"]
[Black "Montignies, Rainer"]
[Result "1-0"]
[WhiteElo "1964"]
[BlackElo "2079"]
[PlyCount "63"]
[EventDate "2003.06.18"]
[EventType "swiss"]
[EventRounds "7"]
[EventCountry "GER"]
[SourceTitle "EXT 2004"]
[Source "ChessBase"]
[SourceDate "2003.11.25"]
[SourceVersion "1"]
[SourceVersionDate "2003.11.25"]
[SourceQuality "1"]

1. e4 c5 2. c3 Nf6 3. e5 Nd5 4. d4 cxd4 5. cxd4 d6 6. exd6 Qxd6 7. Nc3 Nc6 8. Nf3 Bg4 9. Be2 e6 10. 0-0 Be7 11. a3 0-0 12. Ne4 Qc7 13. h3 Bh5 14. Bg5 Rfd8 15. Rc1 Nf4 16. Bxf4 Qxf4 17. Ng3 Bg6 18. Qb3 Rab8 19. Qe3 Bd6 20. Qc3 Qf6 21. Rcd1 Bc7 22. Bb5 Bb6 23. Bxc6 bxc6 24. Qxc6 Bxd4 25. Nxd4 Rxd4 26. Rxd4 Qxd4 27. b4 h5 28. Qc7 Rb5 29. Rc1 Rg5 30. Rc4 Qa1+ 31. Kh2 Qxa3 32. Qd8+ 1-0

[Event "Herne Laufer op"]
[Site "Herne"]
[Date "2003.06.18"]
[Round "1.1"]
[White "Henrichs, Thomas"]
[Black "Becker, Peter"]
[Result "1-0"]
[WhiteElo "2446"]
[BlackElo "1964"]
[PlyCount "47"]
[EventDate "2003.06.18"]
[EventType "swiss"]
[EventRounds "7"]
[EventCountry "GER"]
[SourceTitle "EXT 2004"]
[Source "ChessBase"]
[SourceDate "2003.11.25"]
[SourceVersion "1"]
[SourceVersionDate "2003.11.25"]
[SourceQuality "1"]

1. e4 c5 2. Nf3 d6 3. d4 cxd4 4. Nxd4 Nf6 5. Nc3 a6 6. Be3 e6 7. f3 Be7 8. Qd2 0-0 9. g4 Nc6 10. 0-0-0 Bd7 11. g5 Ne8 12. h4 Rc8 13. Kb1 b5 14. Nxc6 Bxc6 15. Ne2 f5 16. Nd4 Qd7 17. exf5 exf5 18. Bh3 Qb7 19. Nxc6 Qxc6 20. f4 Kh8 21. h5 d5 22. h6 g6 23. Bg2 Bc5 24. Qc3+ 1-0